[Event "Tata Steel Masters"]
[Date "2026.01.23"]
[White "Keymer, Vincent"]
[Black "Abdusattorov, Nodirbek"]
[WhiteElo "2776"]
[BlackElo "2751"]
[Round "7.7.3"]
[Result "0-1"]

c4 {[%clk 01:59:57] [%emt 00:00:02]} c6 {[%clk 01:59:07] [%emt 00:00:53]} Nf3
{[%clk 01:59:51] [%emt 00:00:07]} d5 {[%clk 01:59:02] [%emt 00:00:04]} e3 {[%clk
01:59:47] [%emt 00:00:04]} Nf6 {[%clk 01:58:51] [%emt 00:00:11]} Nc3 {[%clk
01:59:42] [%emt 00:00:04]} e6 {[%clk 01:58:47] [%emt 00:00:05]} d4 {[%clk
01:58:47] [%emt 00:00:55]} Nbd7 {[%clk 01:58:34] [%emt 00:00:12]} Qc2 {[%clk
01:58:23] [%emt 00:00:25]} Bd6 {[%clk 01:58:23] [%emt 00:00:11]} g4 {[%clk
01:58:19] [%emt 00:00:04]} Nxg4 {[%clk 01:58:18] [%emt 00:00:05]} Rg1 {[%clk
01:58:14] [%emt 00:00:05]} Qf6 {[%clk 01:58:11] [%emt 00:00:05]} Rxg4 {[%clk
01:58:11] [%emt 00:00:05]} Qxf3 {[%clk 01:58:08] [%emt 00:00:03]} Rxg7 {[%clk
01:58:02] [%emt 00:00:08]} Nf6 {[%clk 01:54:27] [%emt 00:03:41]} Rg5 {[%clk
01:57:07] [%emt 00:00:55]} Qh1 {[%clk 01:51:43] [%emt 00:02:44]} f4 {[%clk
01:56:54] [%emt 00:00:14]} Bd7 {[%clk 01:37:19] [%emt 00:14:23]} Qf2 {[%clk
01:48:57] [%emt 00:07:57]} Ne4 {[%clk 01:35:45] [%emt 00:01:35]} Nxe4 {[%clk
01:48:51] [%emt 00:00:05]} Qxe4 {[%clk 01:35:41] [%emt 00:00:04]} Bd2 {[%clk
01:43:20] [%emt 00:05:32]} Be7 {[%clk 01:29:19] [%emt 00:06:21]} Rh5 {[%clk
01:19:50] [%emt 00:23:30]} Qg6 {[%clk 01:19:34] [%emt 00:09:45]} Qf3 {[%clk
01:10:53] [%emt 00:08:57]} Qc2 {[%clk 01:11:49] [%emt 00:07:45]} Qd1 {[%clk
01:06:13] [%emt 00:04:40]} Qg6 {[%clk 01:11:24] [%emt 00:00:24]} Ba5 {[%clk
01:01:45] [%emt 00:04:28]} e5 {[%clk 01:08:28] [%emt 00:02:56]} Bd3 {[%clk
00:34:02] [%emt 00:27:43]} Qg1+ {[%clk 01:02:09] [%emt 00:06:19]} Kd2 {[%clk
00:34:01] [%emt 00:00:02]} Qxd1+ {[%clk 01:01:40] [%emt 00:00:29]} Rxd1 {[%clk
00:33:59] [%emt 00:00:02]} Bg4 {[%clk 01:00:50] [%emt 00:00:51]} Rxe5 {[%clk
00:33:12] [%emt 00:00:47]} f6 {[%clk 01:00:36] [%emt 00:00:14]} Rxe7+ {[%clk
00:26:33] [%emt 00:06:40]} Kxe7 {[%clk 01:00:30] [%emt 00:00:05]} Rg1 {[%clk
00:26:20] [%emt 00:00:13]} Rag8 {[%clk 00:54:51] [%emt 00:05:40]} cxd5 {[%clk
00:23:11] [%emt 00:03:09]} cxd5 {[%clk 00:54:44] [%emt 00:00:06]} e4 {[%clk
00:22:40] [%emt 00:00:31]} Bd7 {[%clk 00:46:40] [%emt 00:08:04]} Bb4+ {[%clk
00:12:44] [%emt 00:09:57]} Kf7 {[%clk 00:45:19] [%emt 00:01:20]} Rg3 {[%clk
00:12:27] [%emt 00:00:17]} Rxg3 {[%clk 00:44:38] [%emt 00:00:41]} hxg3 {[%clk
00:12:26] [%emt 00:00:01]} dxe4 {[%clk 00:38:52] [%emt 00:05:46]} Bxe4 {[%clk
00:12:19] [%emt 00:00:07]} f5 {[%clk 00:38:39] [%emt 00:00:12]} Bd5+ {[%clk
00:06:59] [%emt 00:05:20]} Be6 {[%clk 00:38:07] [%emt 00:00:32]} Bf3 {[%clk
00:06:55] [%emt 00:00:05]} Rd8 {[%clk 00:34:57] [%emt 00:03:09]} Kc3 {[%clk
00:04:22] [%emt 00:02:33]} Bd5 {[%clk 00:33:29] [%emt 00:01:29]} Bxd5+ {[%clk
00:03:01] [%emt 00:01:21]} Rxd5 {[%clk 00:33:23] [%emt 00:00:05]} a4 {[%clk
00:02:48] [%emt 00:00:14]} Ke6 {[%clk 00:32:42] [%emt 00:00:41]} Kd3 {[%clk
00:01:39] [%emt 00:01:09]} Rd8 {[%clk 00:30:36] [%emt 00:02:06]} b3 {[%clk
00:01:27] [%emt 00:00:12]} Kd5 {[%clk 00:30:30] [%emt 00:00:06]} Be1 {[%clk
00:01:11] [%emt 00:00:17]} Rd6 {[%clk 00:30:04] [%emt 00:00:26]} a5 {[%clk
00:30:51] [%emt 00:00:50]} Rh6 {[%clk 01:00:10] [%emt 00:00:23]} Bf2 {[%clk
00:29:22] [%emt 00:01:59]} Rh1 {[%clk 01:00:22] [%emt 00:00:18]}

[Site "Europe Echecs"]

[Event "Tata Steel Masters"]
[Date "2026.01.23"]
[White "Gukesh D"]
[Black "Giri, Anish"]
[WhiteElo "2754"]
[BlackElo "2760"]
[Round "7.7.4"]
[Result "0-1"]

c4 {[%clk 01:59:57] [%emt 00:00:02]} e5 {[%clk 01:59:18] [%emt 00:00:42]} Nc3
{[%clk 01:59:51] [%emt 00:00:06]} Nf6 {[%clk 01:59:08] [%emt 00:00:09]} Nf3
{[%clk 01:59:45] [%emt 00:00:05]} Nc6 {[%clk 01:59:05] [%emt 00:00:04]} g3
{[%clk 01:59:37] [%emt 00:00:09]} d5 {[%clk 01:58:27] [%emt 00:00:38]} cxd5
{[%clk 01:59:31] [%emt 00:00:07]} Nxd5 {[%clk 01:58:23] [%emt 00:00:04]} Bg2
{[%clk 01:59:25] [%emt 00:00:05]} Bc5 {[%clk 01:58:17] [%emt 00:00:05]} d3
{[%clk 01:59:19] [%emt 00:00:06]} O-O {[%clk 01:57:31] [%emt 00:00:47]} Qb3
{[%clk 01:59:14] [%emt 00:00:04]} Nde7 {[%clk 01:49:58] [%emt 00:07:32]} O-O
{[%clk 01:56:05] [%emt 00:03:10]} h6 {[%clk 01:46:23] [%emt 00:03:36]} a3 {[%clk
01:44:46] [%emt 00:11:18]} Nd4 {[%clk 01:31:04] [%emt 00:15:18]} Nxd4 {[%clk
01:34:58] [%emt 00:09:49]} exd4 {[%clk 01:28:56] [%emt 00:02:08]} Ne4 {[%clk
01:29:39] [%emt 00:05:19]} Bb6 {[%clk 01:28:30] [%emt 00:00:26]} Qc2 {[%clk
01:29:34] [%emt 00:00:05]} a5 {[%clk 01:26:52] [%emt 00:01:38]} Bd2 {[%clk
01:18:13] [%emt 00:11:20]} a4 {[%clk 01:25:03] [%emt 00:01:49]} Bb4 {[%clk
01:08:20] [%emt 00:09:54]} Re8 {[%clk 01:20:47] [%emt 00:04:15]} Nc5 {[%clk
01:03:26] [%emt 00:04:54]} Bxc5 {[%clk 01:18:00] [%emt 00:02:47]} Bxc5 {[%clk
01:03:20] [%emt 00:00:06]} Nf5 {[%clk 01:07:33] [%emt 00:10:26]} Be4 {[%clk
00:52:21] [%emt 00:11:00]} Ra6 {[%clk 01:00:42] [%emt 00:06:51]} e3 {[%clk
00:40:03] [%emt 00:12:18]} dxe3 {[%clk 00:48:20] [%emt 00:12:45]} fxe3 {[%clk
00:39:55] [%emt 00:00:07]} Qg5 {[%clk 00:47:41] [%emt 00:00:39]} Rf4 {[%clk
00:32:02] [%emt 00:07:53]} b6 {[%clk 00:44:07] [%emt 00:03:34]} Qc4 {[%clk
00:30:26] [%emt 00:01:37]} Ra7 {[%clk 00:34:06] [%emt 00:10:01]} Bb4 {[%clk
00:25:02] [%emt 00:05:24]} c5 {[%clk 00:32:01] [%emt 00:02:04]} Qb5 {[%clk
00:23:37] [%emt 00:01:26]} Rae7 {[%clk 00:26:19] [%emt 00:05:42]} Bd2 {[%clk
00:22:02] [%emt 00:01:34]} Nd6 {[%clk 00:18:39] [%emt 00:07:40]} Qxb6 {[%clk
00:21:49] [%emt 00:00:14]} Nxe4 {[%clk 00:18:30] [%emt 00:00:09]} dxe4 {[%clk
00:21:45] [%emt 00:00:03]} Rxe4 {[%clk 00:15:53] [%emt 00:02:37]} Rxe4 {[%clk
00:17:03] [%emt 00:04:43]} Rxe4 {[%clk 00:15:52] [%emt 00:00:01]} Qc6 {[%clk
00:16:52] [%emt 00:00:12]} Qg4 {[%clk 00:15:11] [%emt 00:00:41]} Qxc5 {[%clk
00:15:48] [%emt 00:01:04]} Rc4 {[%clk 00:13:49] [%emt 00:01:21]} Qd6 {[%clk
00:12:29] [%emt 00:03:19]} Qe4 {[%clk 00:12:27] [%emt 00:01:21]} Kf2 {[%clk
00:08:17] [%emt 00:04:13]} Bb7 {[%clk 00:09:30] [%emt 00:02:57]} Rf1 {[%clk
00:08:08] [%emt 00:00:09]} Rc6 {[%clk 00:08:04] [%emt 00:01:26]} Qd8+ {[%clk
00:04:46] [%emt 00:03:22]} Kh7 {[%clk 00:08:02] [%emt 00:00:01]} Bc3 {[%clk
00:03:18] [%emt 00:01:29]} Rxc3 {[%clk 00:04:47] [%emt 00:03:15]} bxc3 {[%clk
00:03:13] [%emt 00:00:05]} Qg2+ {[%clk 00:03:55] [%emt 00:00:51]} Ke1 {[%clk
00:03:10] [%emt 00:00:04]} Ba6 {[%clk 00:03:53] [%emt 00:00:03]}

[Site "Europe Echecs"]

[Event "Tata Steel Masters"]
[Date "2026.01.23"]
[White "Sindarov, Javokhir"]
[Black "Niemann, Hans Moke"]
[WhiteElo "2726"]
[BlackElo "2725"]
[Round "7.7.5"]
[Result "1/2-1/2"]

e4 {[%clk 01:59:52] [%emt 00:00:07]} e5 {[%clk 01:59:49] [%emt 00:00:10]} Nf3
{[%clk 01:59:46] [%emt 00:00:06]} Nc6 {[%clk 01:59:42] [%emt 00:00:07]} Bb5
{[%clk 01:59:40] [%emt 00:00:07]} a6 {[%clk 01:58:37] [%emt 00:01:04]} Ba4
{[%clk 01:59:32] [%emt 00:00:10]} Nf6 {[%clk 01:58:29] [%emt 00:00:07]} O-O
{[%clk 01:59:24] [%emt 00:00:08]} Be7 {[%clk 01:58:16] [%emt 00:00:14]} Re1
{[%clk 01:58:48] [%emt 00:00:37]} b5 {[%clk 01:58:07] [%emt 00:00:09]} Bb3
{[%clk 01:58:29] [%emt 00:00:18]} O-O {[%clk 01:57:58] [%emt 00:00:08]} h3
{[%clk 01:57:59] [%emt 00:00:31]} Bb7 {[%clk 01:57:17] [%emt 00:00:41]} d3
{[%clk 01:57:51] [%emt 00:00:08]} d6 {[%clk 01:56:07] [%emt 00:01:09]} Bd2
{[%clk 01:55:37] [%emt 00:02:14]} Qd7 {[%clk 01:49:01] [%emt 00:07:06]} a4
{[%clk 01:53:52] [%emt 00:01:46]} Nd8 {[%clk 01:48:42] [%emt 00:00:18]} axb5
{[%clk 01:53:36] [%emt 00:00:18]} axb5 {[%clk 01:48:34] [%emt 00:00:08]} Rxa8
{[%clk 01:53:32] [%emt 00:00:04]} Bxa8 {[%clk 01:48:26] [%emt 00:00:07]} Nc3
{[%clk 01:53:29] [%emt 00:00:02]} c5 {[%clk 01:46:05] [%emt 00:02:21]} Qb1
{[%clk 01:20:54] [%emt 00:32:36]} Ne6 {[%clk 01:40:20] [%emt 00:05:44]} Bxe6
{[%clk 01:20:30] [%emt 00:00:24]} fxe6 {[%clk 01:40:06] [%emt 00:00:14]} b4
{[%clk 01:20:04] [%emt 00:00:27]} cxb4 {[%clk 01:26:57] [%emt 00:13:09]} Qxb4
{[%clk 01:19:41] [%emt 00:00:23]} Bc6 {[%clk 01:26:29] [%emt 00:00:27]} Qb3
{[%clk 01:17:39] [%emt 00:02:02]} h6 {[%clk 01:06:00] [%emt 00:20:29]} Ra1
{[%clk 01:00:19] [%emt 00:17:20]} Rb8 {[%clk 01:02:26] [%emt 00:03:34]} Be3
{[%clk 00:59:16] [%emt 00:01:03]} Bf8 {[%clk 01:01:42] [%emt 00:00:44]} Ra7
{[%clk 00:52:45] [%emt 00:06:32]} Qc8 {[%clk 01:01:11] [%emt 00:00:30]} Ne2
{[%clk 00:43:15] [%emt 00:09:31]} Bd7 {[%clk 01:00:05] [%emt 00:01:07]} Qa2
{[%clk 00:36:28] [%emt 00:06:46]} Rb7 {[%clk 00:59:06] [%emt 00:00:58]} Ra8
{[%clk 00:36:18] [%emt 00:00:11]} Rb8 {[%clk 00:59:01] [%emt 00:00:05]} Ra7
{[%clk 00:36:09] [%emt 00:00:09]} Rb7 {[%clk 00:58:51] [%emt 00:00:11]} Rxb7
{[%clk 00:32:13] [%emt 00:03:57]} Qxb7 {[%clk 00:58:43] [%emt 00:00:07]} Bd2
{[%clk 00:32:07] [%emt 00:00:06]} Ne8 {[%clk 00:55:40] [%emt 00:03:04]} g4
{[%clk 00:24:57] [%emt 00:07:11]} Nf6 {[%clk 00:53:41] [%emt 00:01:58]} Ng3
{[%clk 00:24:08] [%emt 00:00:49]} Bc8 {[%clk 00:49:58] [%emt 00:03:43]} Bb4
{[%clk 00:22:40] [%emt 00:01:27]} Qa6 {[%clk 00:49:40] [%emt 00:00:19]} Qb3
{[%clk 00:21:27] [%emt 00:01:12]} Bd7 {[%clk 00:45:18] [%emt 00:04:23]} Kg2
{[%clk 00:20:52] [%emt 00:00:35]} Qa8 {[%clk 00:43:22] [%emt 00:01:55]} Qc3
{[%clk 00:19:55] [%emt 00:00:59]} Qa7 {[%clk 00:42:04] [%emt 00:01:17]} Nh4
{[%clk 00:13:52] [%emt 00:06:01]} Kh7 {[%clk 00:39:36] [%emt 00:02:29]} Nf3
{[%clk 00:13:30] [%emt 00:00:23]} Kg8 {[%clk 00:39:22] [%emt 00:00:14]} Qb2
{[%clk 00:12:50] [%emt 00:00:39]} Qa8 {[%clk 00:38:09] [%emt 00:01:13]} Qb3
{[%clk 00:11:56] [%emt 00:00:54]} Qa4 {[%clk 00:36:31] [%emt 00:01:37]} Qb1
{[%clk 00:10:11] [%emt 00:01:43]} Bc6 {[%clk 00:35:18] [%emt 00:01:16]} Qb2
{[%clk 00:39:20] [%emt 00:01:22]} Bd7 {[%clk 01:03:08] [%emt 00:02:39]} Kf1
{[%clk 00:31:38] [%emt 00:08:11]} Be8 {[%clk 01:00:18] [%emt 00:03:19]} Qc3
{[%clk 00:29:52] [%emt 00:02:17]} Bd7 {[%clk 00:57:46] [%emt 00:03:03]} Ke2
{[%clk 00:28:12] [%emt 00:02:08]} Be8 {[%clk 00:55:52] [%emt 00:02:24]} Nd2
{[%clk 00:17:10] [%emt 00:11:33]} Bd7 {[%clk 00:55:30] [%emt 00:00:52]} Qb3
{[%clk 00:12:26] [%emt 00:05:12]} Qxb3 {[%clk 00:53:17] [%emt 00:02:46]} Nxb3
{[%clk 00:12:47] [%emt 00:00:09]} Kf7 {[%clk 00:53:34] [%emt 00:00:12]} f3
{[%clk 00:13:03] [%emt 00:00:14]} Ne8 {[%clk 00:52:23] [%emt 00:01:40]} h4
{[%clk 00:12:57] [%emt 00:00:37]} Nc7 {[%clk 00:52:21] [%emt 00:00:30]} Ba5
{[%clk 00:12:57] [%emt 00:00:31]} Na6 {[%clk 00:51:32] [%emt 00:01:20]} h5
{[%clk 00:13:17] [%emt 00:00:11]} d5 {[%clk 00:49:05] [%emt 00:02:57]} Nf1
{[%clk 00:12:21] [%emt 00:01:22]} Bd6 {[%clk 00:47:14] [%emt 00:02:24]} Be1
{[%clk 00:11:55] [%emt 00:00:56]} Nb4 {[%clk 00:44:11] [%emt 00:03:33]} Ne3
{[%clk 00:06:56] [%emt 00:05:29]} d4 {[%clk 00:43:15] [%emt 00:01:25]} Bxb4
{[%clk 00:07:23] [%emt 00:00:04]} Bxb4 {[%clk 00:43:41] [%emt 00:00:05]} Ng2
{[%clk 00:07:37] [%emt 00:00:16]} Bd6 {[%clk 00:42:33] [%emt 00:01:38]} Nh4
{[%clk 00:06:29] [%emt 00:01:38]} Kf6 {[%clk 00:42:53] [%emt 00:00:09]} Kf2
{[%clk 00:06:27] [%emt 00:00:33]} Kg5 {[%clk 00:42:08] [%emt 00:01:15]} Kg3
{[%clk 00:06:37] [%emt 00:00:20]} Be8 {[%clk 00:42:31] [%emt 00:00:08]} Ng2
{[%clk 00:06:39] [%emt 00:00:29]} g6 {[%clk 00:40:48] [%emt 00:02:13]} hxg6
{[%clk 00:06:58] [%emt 00:00:11]} Bxg6 {[%clk 00:41:06] [%emt 00:00:11]} Kh3
{[%clk 00:06:41] [%emt 00:00:47]} h5 {[%clk 00:40:20] [%emt 00:01:17]} Kg3
{[%clk 00:06:47] [%emt 00:00:23]} Be8 {[%clk 00:40:18] [%emt 00:00:32]} Kh3
{[%clk 00:06:52] [%emt 00:00:24]} Bb4 {[%clk 00:38:32] [%emt 00:02:17]} Kg3
{[%clk 00:06:56] [%emt 00:00:26]} Bf8 {[%clk 00:36:38] [%emt 00:02:23]} Kh3
{[%clk 00:06:38] [%emt 00:00:49]} Bh6 {[%clk 00:36:05] [%emt 00:01:02]} Kg3
{[%clk 00:02:35] [%emt 00:04:35]} Kf6 {[%clk 00:36:28] [%emt 00:00:06]} Kh4
{[%clk 00:01:58] [%emt 00:01:08]} Bg5+ {[%clk 00:36:51] [%emt 00:00:06]} Kg3
{[%clk 00:02:25] [%emt 00:00:03]} Ke7 {[%clk 00:35:00] [%emt 00:02:21]} gxh5
{[%clk 00:02:07] [%emt 00:00:49]} Bxh5 {[%clk 00:35:25] [%emt 00:00:05]} Kf2
{[%clk 00:02:24] [%emt 00:00:12]} Kd6 {[%clk 00:35:22] [%emt 00:00:31]} Ke2
{[%clk 00:02:25] [%emt 00:00:32]} Kc6 {[%clk 00:34:59] [%emt 00:00:51]} Ne1
{[%clk 00:02:49] [%emt 00:00:06]} Kb6 {[%clk 00:34:40] [%emt 00:00:49]} Ng2
{[%clk 00:02:57] [%emt 00:00:22]} b4 {[%clk 00:32:52] [%emt 00:02:18]} Nd2
{[%clk 00:03:07] [%emt 00:00:19]} Bxd2 {[%clk 00:32:43] [%emt 00:00:40]} Kxd2
{[%clk 00:03:32] [%emt 00:00:05]} Bxf3 {[%emt 00:00:23]} Ne1 {[%clk 00:03:25]
[%emt 00:00:15]} Bh5 {[%clk 00:32:14] [%emt 00:01:28]} Kc1 {[%emt 00:00:09]} Kb5
{[%clk 00:32:12] [%emt 00:00:27]} Kb2 {[%clk 00:04:14] [%emt 00:00:07]} Ka4
{[%clk 00:32:38] [%emt 00:00:04]} Ng2 {[%emt 00:01:58]} Bd1 {[%clk 00:31:18]}
Ne1 {[%emt 00:00:46]} Kb5 {[%clk 00:31:08] [%emt 00:00:15]} Kb3 {[%emt
00:01:01]} Kc5 {[%clk 00:31:26]} Ng2 {[%clk 00:04:41] [%emt 00:00:13]} Kd6
{[%clk 00:31:25] [%emt 00:00:30]} Ne1 {[%emt 00:00:16]} Kc5 {[%clk 00:31:46]
[%emt 00:00:02]} Ng2 {[%clk 00:05:27] [%emt 00:00:06]}

[Site "Europe Echecs"]

[Event "Tata Steel Masters"]
[Date "2026.01.23"]
[White "Van Foreest, Jorden"]
[Black "Aravindh, Chithambaram VR."]
[WhiteElo "2703"]
[BlackElo "2700"]
[Round "7.7.6"]
[Result "1-0"]

Nf3 {[%clk 01:59:53] [%emt 00:00:06]} Nf6 {[%clk 01:58:29] [%emt 00:01:25]} c4
{[%clk 01:59:38] [%emt 00:00:21]} g6 {[%clk 01:55:12] [%emt 00:03:17]} Nc3
{[%clk 01:59:28] [%emt 00:00:10]} Bg7 {[%clk 01:55:04] [%emt 00:00:09]} e4
{[%clk 01:59:15] [%emt 00:00:13]} d6 {[%clk 01:54:58] [%emt 00:00:05]} d4 {[%clk
01:59:08] [%emt 00:00:08]} O-O {[%clk 01:54:49] [%emt 00:00:09]} Be2 {[%clk
01:59:04] [%emt 00:00:03]} e5 {[%clk 01:53:46] [%emt 00:01:03]} O-O {[%clk
01:57:35] [%emt 00:01:29]} Na6 {[%clk 01:52:29] [%emt 00:01:18]} Be3 {[%clk
01:57:02] [%emt 00:00:32]} Bg4 {[%clk 01:49:38] [%emt 00:02:51]} d5 {[%clk
01:56:40] [%emt 00:00:23]} c5 {[%clk 01:43:24] [%emt 00:06:14]} a3 {[%clk
01:50:03] [%emt 00:06:37]} Bd7 {[%clk 01:41:15] [%emt 00:02:08]} Bg5 {[%clk
01:49:53] [%emt 00:00:11]} h6 {[%clk 01:39:27] [%emt 00:01:48]} Bd2 {[%clk
01:48:26] [%emt 00:01:27]} Ne8 {[%clk 01:30:36] [%emt 00:08:52]} g3 {[%clk
01:48:16] [%emt 00:00:10]} Bh3 {[%clk 01:20:36] [%emt 00:09:59]} Re1 {[%clk
01:47:59] [%emt 00:00:16]} Kh7 {[%clk 01:20:21] [%emt 00:00:15]} Bd3 {[%clk
01:47:39] [%emt 00:00:20]} Bg4 {[%clk 01:18:35] [%emt 00:01:45]} Kg2 {[%clk
01:47:31] [%emt 00:00:08]} Qd7 {[%clk 01:17:04] [%emt 00:01:32]} Qc2 {[%clk
01:44:25] [%emt 00:03:06]} Bxf3+ {[%clk 01:09:07] [%emt 00:07:56]} Kxf3 {[%clk
01:44:20] [%emt 00:00:05]} Qh3 {[%clk 01:08:48] [%emt 00:00:19]} Bf1 {[%clk
01:39:52] [%emt 00:04:27]} Qd7 {[%clk 00:55:49] [%emt 00:12:59]} Kg2 {[%clk
01:38:22] [%emt 00:01:31]} h5 {[%clk 00:55:43] [%emt 00:00:06]} Qc1 {[%clk
01:20:44] [%emt 00:17:38]} Nf6 {[%clk 00:53:28] [%emt 00:02:14]} Bd3 {[%clk
01:19:58] [%emt 00:00:46]} Ng8 {[%clk 00:53:12] [%emt 00:00:16]} Rf1 {[%clk
01:19:07] [%emt 00:00:51]} Rae8 {[%clk 00:50:30] [%emt 00:02:42]} Bc2 {[%clk
01:19:01] [%emt 00:00:06]} Re7 {[%clk 00:50:01] [%emt 00:00:28]} Qd1 {[%clk
01:15:19] [%emt 00:03:42]} Qd8 {[%clk 00:41:52] [%emt 00:08:08]} Rb1 {[%clk
00:58:20] [%emt 00:17:00]} Nc7 {[%clk 00:40:29] [%emt 00:01:23]} b4 {[%clk
00:58:00] [%emt 00:00:19]} Ne8 {[%clk 00:40:23] [%emt 00:00:06]} Bg5 {[%clk
00:57:49] [%emt 00:00:10]} f6 {[%clk 00:39:09] [%emt 00:01:14]} Be3 {[%clk
00:57:05] [%emt 00:00:44]} Bh6 {[%clk 00:38:48] [%emt 00:00:21]} f4 {[%clk
00:56:35] [%emt 00:00:30]} b6 {[%clk 00:38:30] [%emt 00:00:18]} Qf3 {[%clk
00:54:59] [%emt 00:01:36]} Ng7 {[%clk 00:29:06] [%emt 00:09:24]} bxc5 {[%clk
00:53:44] [%emt 00:01:15]} bxc5 {[%clk 00:28:48] [%emt 00:00:18]} f5 {[%clk
00:51:05] [%emt 00:02:40]} Qe8 {[%clk 00:27:57] [%emt 00:00:50]} Bg1 {[%clk
00:43:45] [%emt 00:07:19]} Bd2 {[%clk 00:27:18] [%emt 00:00:39]} fxg6+ {[%clk
00:43:27] [%emt 00:00:18]} Qxg6 {[%clk 00:26:49] [%emt 00:00:29]} Nb5 {[%clk
00:42:44] [%emt 00:00:43]} Ne8 {[%clk 00:18:43] [%emt 00:08:06]} Qe2 {[%clk
00:40:30] [%emt 00:02:15]} Bg5 {[%clk 00:18:14] [%emt 00:00:29]} Kh1 {[%clk
00:40:26] [%emt 00:00:04]} h4 {[%clk 00:16:01] [%emt 00:02:14]} gxh4 {[%clk
00:37:55] [%emt 00:02:31]} Bf4 {[%clk 00:15:10] [%emt 00:00:51]} Bf2 {[%clk
00:58:34] [%emt 00:09:50]} Nh6 {[%clk 00:40:54] [%emt 00:04:46]} Rg1 {[%clk
00:57:39] [%emt 00:01:25]} Qf7 {[%clk 00:41:18] [%emt 00:00:05]} Qf3 {[%emt
00:01:56]} Rg8 {[%clk 00:41:09] [%emt 00:00:35]} Nc3 {[%clk 00:52:58] [%emt
00:03:49]} Rb7 {[%clk 00:38:39] [%emt 00:03:00]} Ne2 {[%clk 00:50:36] [%emt
00:02:51]} Rxb1 {[%clk 00:37:46] [%emt 00:01:23]} Rxb1 {[%clk 00:50:42] [%emt
00:00:25]} Bd2 {[%clk 00:38:11] [%emt 00:00:05]} Rd1 {[%clk 00:48:07] [%emt
00:03:05]} Ba5 {[%clk 00:38:35] [%emt 00:00:05]} Ng3 {[%clk 00:47:20] [%emt
00:01:17]} f5 {[%clk 00:36:41] [%emt 00:02:24]} exf5 {[%clk 00:46:50] [%emt
00:01:01]} Nf6 {[%clk 00:37:06] [%emt 00:00:04]} Be3 {[%clk 00:46:17] [%emt
00:01:02]} Rg4 {[%clk 00:36:32] [%emt 00:01:05]} Ne4 {[%clk 00:44:57] [%emt
00:01:50]}

[Site "Europe Echecs"]